Мезозой и кайнозой Сибири и смежных регионов: Палеонтология, стратиграфия, палеобиогеография: Сборник научных трудов

Bibliografski detalji
Autor kompanije: Академия наук СССР Сибирское отделение Институт геологии и геофизики
Jezik:ruski
Izdano: Новосибирск, 1976
Teme:
Format: Knjiga
KOHA link:https://koha.lib.tpu.ru/cgi-bin/koha/opac-detail.pl?biblionumber=55350

MARC

LEADER 00000nam0a2200000 4500
001 55350
005 20231031051112.0
035 |a (RuTPU)RU\TPU\book\58095 
090 |a 55350 
100 |a 20030912d1976 k y0rusy50 ca 
101 0 |a rus 
102 |a RU 
105 |a a z 001zy 
200 1 |a Мезозой и кайнозой Сибири и смежных регионов: Палеонтология, стратиграфия, палеобиогеография  |e Сборник научных трудов  |f Академия наук СССР. Сибирское отделение; Институт геологии и геофизики 
210 |a Новосибирск  |d 1976 
215 |a 127 с.  |c ил. 
320 |a Библиогр.: с. 92-126 
610 1 |a мезозой 
610 1 |a кайнозой 
610 1 |a Сибирь 
610 1 |a палеонтология 
610 1 |a стратиграфия 
675 |a 551.76  |v 3 
675 |a 551.77  |v 3 
712 0 2 |a Академия наук СССР  |b Сибирское отделение  |b Институт геологии и геофизики  |2 stltpush  |3 (RuTPU)RU\TPU\col\128 
801 1 |a RU  |b 63413507  |c 20030912  |g PSBO 
801 2 |a RU  |b 63413507  |c 20140320  |g PSBO 
942 |c BK